000
00290nam a22001337a 4500
008
181024b xxu||||| |||| 00| 0 eng d
020
_a
1563632926
041
_a
eng
080
_a
610
100
_a
4
101
_a
SHM
245
_a
PDR FOR Herbal Medicine
_c
Joerg,G
942
_2
udc
_c
BK
999
_c
50829
_d
50829